|
|
|
|
| LEADER |
00000nam a2200000 a 4500 |
| 001 |
UCS9072 |
| 003 |
CL-VaPUC |
| 008 |
971113e19710000AG |||||||||||||||||spa|d |
| 082 |
0 |
4 |
|a 194
|b MAR
|2 21
|
| 100 |
|
|
|a Maritain, Jacques
|e autor
|9 255680
|
| 245 |
1 |
0 |
|a Cristianismo y democracia
|
| 300 |
|
|
|a 111 p
|
| 942 |
|
|
|c BK
|
| 945 |
|
|
|d 19971113 00:00:00
|a jquezada
|
| 260 |
|
|
|a Buenos Aires
|b Pléyade
|c 1971
|
| 500 |
|
|
|a Donación Padres Capuchinos
|
| 650 |
|
0 |
|a Democracia
|9 255256
|
| 650 |
|
0 |
|a Cristianismo
|9 257361
|
| 650 |
|
0 |
|a Filosofía cristiana
|9 265980
|
| 650 |
|
0 |
|a Filosofía francesa
|9 255698
|
| 650 |
|
7 |
|a FILOSOFIA POLITICA
|2 CL-VaPUC
|9 394059
|
| 650 |
|
0 |
|a Humanismo
|9 256530
|
| 583 |
|
|
|a last modification
|c 20121001 12:47:45
|k Rodrigo Vera
|
| 999 |
|
|
|c 263131
|d 263129
|
| 952 |
|
|
|0 0
|1 0
|4 0
|6 194_000000000000000_MAR_1971
|7 0
|8 A
|9 292228
|a BIBENE
|b BIBENE
|d 2019-11-19
|i 3363171
|o 194 MAR 1971
|p 3363171
|r 2024-01-16
|w 2019-11-19
|y BK
|k ICO
|
| 952 |
|
|
|0 0
|1 0
|4 0
|6 194_000000000000000_MAR_1971
|7 0
|8 X
|9 292229
|a FDOBUD
|b FDOBUD
|d 2019-11-19
|i 4402367
|o 194 MAR 1971
|p 4402367
|r 2019-11-19
|w 2019-11-19
|y BK_X
|k BUD
|